000 00516nam a2200145 a 4500
001 000044465
005 20201002045408.0
008 140702s2004 dr ac 000 0 spa d
020 _a9945400231
040 _aDO-SdBNP
_bspa
_cBNPHU
100 1 _aRincón, Andrea Griselda
_972483
245 1 0 _aFísica 1 :
_bteoría y práctica /
_cAndrea Griselda Rincón, Julia Mery Vásquez Güichardo, Luis Antonio Angulo.
260 _aSanto Domingo :
_bActualidad Escolar 2000,
_c[200?].
300 _a195 p. :
_bil., retrs. ;
_c28 cm.
999 _c43954
_d43954